| 000 | 00664nam a2200205 i 4500 | ||
|---|---|---|---|
| 001 | 75630 | ||
| 003 | ES-MaACL | ||
| 005 | 20230906172528.0 | ||
| 007 | t| | ||
| 008 | 040927s1919 fr ||||1| fre d | ||
| 100 | 1 |
_aGrasset, Joseph ( _d1849-1918) _9152573 |
|
| 245 | 1 | 3 |
_aLa "Dogme" transformiste et la philosophie / _c[J.] Grasset. |
| 260 |
_aParis : _bLa Renaissance du Livre, _c[1919] ( _eCorbeil : _fCrété) |
||
| 300 |
_aXX, 158 p. ; _c19 cm. |
||
| 490 | 1 | _aBibliothèque internationale de critique | |
| 650 | 4 |
_aEvolución. _912625 |
|
| 830 | 0 |
_aBibliothèque internationale de critique _9183708 |
|
| 852 |
_aES-MaACL _jF-11031 |
||
| 999 |
_c75630 _d75630 |
||